UK Towns Quiz - The Vale of Glamorgan - Wales - Statistics

General Stats
  • This quiz has been taken 36 times
  • The average score is 10 of 16
Answer Stats
Clue Population Town % Correct
B 56,587 Barry
100%
C 3,645 Cowbridge
95%
L 5,346 Llantwit Major
95%
P 28,394 Penarth
95%
D 7,894 Dinas Powis
90%
R 6,782 Rhoose
75%
S 1,594 St Athan
70%
W 927 Wick
65%
W 1,125 Wenvoe
60%
O 1,354 Ogmore-by-sea
50%
S 654 St Nicholas
50%
B 2,744 Boverton
45%
S 752 St Brides Major
40%
C 619 Colwinston
35%
E 3,300 Eglwys-Brewis
35%
Y 803 Ystradowen
35%
No matching quizzes found
Score Distribution
Percent of People with Each Score
Percentile by Number Answered
Your Score History
You have not taken this quiz